[Event "4. Regina Helena Marques Prol"]
[Site "Santos BRA"]
[Date "2006.04.29"]
[Round "1.1"]
[White "Sega, Carlos Alberto"]
[Black "Choma, Ernani Francisco"]
[Result "1/2-1/2"]
[WhiteElo "2286"]
[BlackElo "2275"]
[PlyCount "59"]
[EventDate "2006.04.29"]
[EventType "tourn"]
[EventRounds "11"]
[EventCountry "BRA"]
[Source "lmi"]
[SourceDate "2006.05.06"]

1. d4 Nf6 2. Nf3 c5 3. g3 cxd4 4. Nxd4 e5 5. Nf3 Nc6 6. Bg2 Bc5 7. O-O h6 8. c4
d6 9. Nc3 Be6 10. Nd5 O-O 11. Be3 Rc8 12. Bxc5 dxc5 13. Ne1 e4 14. Nc2 Nxd5 15.
cxd5 Qxd5 16. Qxd5 Bxd5 17. Rfd1 Ne7 18. Ne3 Bc6 19. Nc4 Rcd8 20. Nd6 f5 21. f3
exf3 22. Bxf3 Bxf3 23. exf3 b6 24. Kf2 Nc6 25. Nb5 Kf7 26. f4 Rxd1 27. Rxd1 Ke7
28. Re1+ Kd7 29. Rd1+ Ke7 30. Re1+ 1/2-1/2

[Event "4. Regina Helena Marques Prol"]
[Site "Santos BRA"]
[Date "2006.04.29"]
[Round "1.2"]
[White "Van Riemsdijk, Herman C"]
[Black "Cavalcanti, Francisco"]
[Result "1-0"]
[WhiteElo "2349"]
[BlackElo "2297"]
[PlyCount "83"]
[EventDate "2006.04.29"]
[EventType "tourn"]
[EventRounds "11"]
[EventCountry "BRA"]
[Source "lmi"]
[SourceDate "2006.05.06"]

1. e4 e6 2. d4 d5 3. Nc3 Bb4 4. e5 c5 5. a3 Bxc3+ 6. bxc3 Ne7 7. h4 Qc7 8. Nf3
b6 9. Bb5+ Bd7 10. Bd3 Nbc6 11. Bd2 h6 12. h5 Na5 13. O-O Ba4 14. Nh4 Nc4 15.
Bc1 cxd4 16. cxd4 O-O-O 17. Qf3 Nc6 18. Qg4 Kb7 19. Ra2 Qe7 20. Nf3 Qf8 21.
Bxc4 dxc4 22. c3 Na5 23. Nd2 Bc6 24. Ne4 Bxe4 25. Qxe4+ Rd5 26. a4 Qe8 27. f4
g6 28. f5 gxf5 29. Rxf5 Nc6 30. Raf2 Nd8 31. Rf6 Qxa4 32. Qf3 Qa1 33. Rf1 Qb1
34. Rxh6 Rxh6 35. Bxh6 Qd3 36. Bg7 Qh7 37. h6 Kc7 38. Qf6 Rd7 39. Bf8 a5 40.
Be7 Nc6 41. Qg7 Qxg7 42. Bd6+ 1-0

[Event "4. Regina Helena Marques Prol"]
[Site "Santos BRA"]
[Date "2006.04.29"]
[Round "1.3"]
[White "Borges, Leomar Barbero"]
[Black "Santos, Marcus Vinicius"]
[Result "0-1"]
[WhiteElo "2303"]
[BlackElo "2369"]
[PlyCount "126"]
[EventDate "2006.04.29"]
[EventType "tourn"]
[EventRounds "11"]
[EventCountry "BRA"]
[Source "lmi"]
[SourceDate "2006.05.06"]

1. Nf3 d5 2. b3 c5 3. e3 Nf6 4. Bb2 g6 5. c4 Bg7 6. cxd5 O-O 7. Bxf6 exf6 8.
Nc3 f5 9. Rc1 Nd7 10. Bc4 a6 11. a4 Re8 12. O-O Nf6 13. d4 cxd4 14. Nxd4 Qd6
15. Nde2 Ng4 16. g3 Bd7 17. h3 Ne5 18. Nf4 Rac8 19. Be2 Qb4 20. Na2 Qa3 21.
Rxc8 Rxc8 22. Nc1 Qb2 23. Ncd3 Nxd3 24. Nxd3 Qa3 25. Nf4 Rc3 26. d6 Rc6 27. Bf3
Rxd6 28. Qc2 b5 29. axb5 Bxb5 30. Rd1 Rxd1+ 31. Qxd1 Bf6 32. Nd5 Be5 33. Nf4
Kg7 34. Qd5 Qa1+ 35. Kh2 Qb2 36. Kg2 Bf6 37. Qd1 Qa1 38. Qxa1 Bxa1 39. Bd5 g5
40. Nh5+ Kg6 41. g4 fxg4 42. hxg4 f5 43. f3 Bd7 44. Kh3 Be5 45. Ng3 fxg4+ 46.
fxg4 Bxg3 47. Kxg3 a5 48. Be4+ Kg7 49. Bd5 Kf6 50. Be4 Be6 51. Bc2 Ke5 52. Kf3
h6 53. Bd1 Bd5+ 54. Ke2 Be6 55. Kd3 Bd5 56. Ke2 Bc6 57. Bc2 Bd7 58. Kf3 Be6 59.
Bd1 Kd5 60. Bc2 Kc5 61. e4 Kd4 62. Bd1 Kd3 63. Be2+ Kc3 0-1

[Event "4. Regina Helena Marques Prol"]
[Site "Santos BRA"]
[Date "2006.04.29"]
[Round "1.5"]
[White "Valiente, Cristobal"]
[Black "Maia, Luciano"]
[Result "0-1"]
[WhiteElo "2289"]
[BlackElo "2317"]
[PlyCount "128"]
[EventDate "2006.04.29"]
[EventType "tourn"]
[EventRounds "11"]
[EventCountry "BRA"]
[Source "lmi"]
[SourceDate "2006.05.06"]

1. b3 d5 2. Bb2 Bg4 3. h3 Bh5 4. g4 Bg6 5. Nf3 Nd7 6. Bg2 c6 7. d3 Ngf6 8. Nbd2
Qc7 9. e3 e5 10. Qe2 Bd6 11. O-O O-O 12. Nh4 Rfd8 13. c4 dxc4 14. Nxc4 Be7 15.
Rfd1 Nd5 16. Nxg6 hxg6 17. Rac1 N5b6 18. d4 exd4 19. Bxd4 Nxc4 20. Rxc4 Bf6 21.
Bxf6 Nxf6 22. Rcd4 Rxd4 23. Rxd4 Rd8 24. Qd2 Rd7 25. g5 c5 26. Rd3 Rxd3 27.
Qxd3 Ne8 28. Qd5 Nd6 29. e4 b5 30. e5 Nf5 31. Be4 Kh7 32. Bd3 a6 33. Bxf5 gxf5
34. Qd6 Qa5 35. Qxc5 Qxa2 36. b4 Qd2 37. g6+ Kxg6 38. Kg2 Qd7 39. Kf3 Qd3+ 40.
Kg2 Qe4+ 41. f3 Qe2+ 42. Kg3 Qe1+ 43. Kf4 Qd2+ 44. Kg3 Kh5 45. f4 Qe1+ 46. Kg2
Qe2+ 47. Kg3 Qd3+ 48. Kg2 Qe2+ 49. Kg3 Qe4 50. Qe7 Qe3+ 51. Kg2 Qd2+ 52. Kg3
Qd3+ 53. Kg2 Kg6 54. Qc5 Qc4 55. Qd6+ Kh7 56. Kg3 Qb3+ 57. Kh4 Qf3 58. Qd2 Kh6
59. Qd6+ f6 60. Qd2 fxe5 61. Qd6+ Kh7 62. Qxe5 Qf2+ 63. Kh5 Qg3 64. Qc7 Qxh3+
0-1

[Event "4. Regina Helena Marques Prol"]
[Site "Santos BRA"]
[Date "2006.04.30"]
[Round "2.2"]
[White "Maia, Luciano"]
[Black "Bachmann, Axel"]
[Result "1/2-1/2"]
[WhiteElo "2317"]
[BlackElo "2414"]
[PlyCount "110"]
[EventDate "2006.04.29"]
[EventType "tourn"]
[EventRounds "11"]
[EventCountry "BRA"]
[Source "lmi"]
[SourceDate "2006.05.06"]

1. d4 Nf6 2. Nf3 g6 3. Bg5 Bg7 4. Nbd2 O-O 5. e4 d6 6. Bc4 Nc6 7. c3 Bg4 8. h3
Bxf3 9. Qxf3 e5 10. d5 Nb8 11. Nf1 Nbd7 12. Bb3 h6 13. Bh4 Qe8 14. Ba4 Nh7 15.
Ne3 a6 16. g4 b5 17. Bc2 Nc5 18. O-O Nd7 19. Qe2 Bf6 20. Bxf6 Ndxf6 21. f3 Qd7
22. Kg2 Kg7 23. Rac1 h5 24. c4 hxg4 25. hxg4 Rh8 26. Qd2 bxc4 27. Rh1 c3 28.
bxc3 Ng8 29. Rh3 f6 30. Rch1 Ne7 31. Kg3 Ng5 32. Rxh8 Rxh8 33. Rxh8 Kxh8 34.
Qe2 Qc8 35. Bd3 a5 36. Nc4 Qa8 37. Qb2 Kg7 38. Qd2 Qh8 39. Bf1 a4 40. Bg2 Qh6
41. f4 exf4+ 42. Qxf4 Qh8 43. e5 dxe5 44. Nxe5 Nxd5 45. Bxd5 Qh3+ 46. Kf2 Qxc3
47. Qxa4 Qd2+ 48. Kf1 fxe5 49. Qd7+ Kh6 50. Qd8 Qf4+ 51. Ke1 Nh7 52. Qh4+ Kg7
53. Qe7+ Kh6 54. Qh4+ Kg7 55. Qe7+ Kh6 1/2-1/2

[Event "4. Regina Helena Marques Prol"]
[Site "Santos BRA"]
[Date "2006.04.30"]
[Round "2.3"]
[White "Rosito, Jorge"]
[Black "Valiente, Cristobal"]
[Result "1/2-1/2"]
[WhiteElo "2426"]
[BlackElo "2289"]
[PlyCount "57"]
[EventDate "2006.04.29"]
[EventType "tourn"]
[EventRounds "11"]
[EventCountry "BRA"]
[Source "lmi"]
[SourceDate "2006.05.06"]

1. e4 c6 2. c4 e5 3. Nf3 d6 4. d4 Nd7 5. Nc3 Ngf6 6. Be2 g6 7. O-O Bg7 8. Re1
O-O 9. Bf1 exd4 10. Nxd4 Re8 11. f3 d5 12. cxd5 Nxd5 13. Nde2 Nc7 14. Be3 Ne5
15. Nf4 Bd7 16. Qc2 Qe7 17. Rad1 c5 18. Nce2 b6 19. Nc3 Bc6 20. Nfd5 Bxd5 21.
exd5 Rad8 22. h3 f5 23. Bf2 Qf8 24. Kh1 Nf7 25. Rxe8 Rxe8 26. Nb5 Nxb5 27. Bxb5
Re5 28. a3 f4 29. Qd2 1/2-1/2

[Event "4. Regina Helena Marques Prol"]
[Site "Santos BRA"]
[Date "2006.04.30"]
[Round "2.4"]
[White "Santos, Marcus Vinicius"]
[Black "Larrea, Manuel"]
[Result "1-0"]
[WhiteElo "2369"]
[BlackElo "2278"]
[PlyCount "63"]
[EventDate "2006.04.29"]
[EventType "tourn"]
[EventRounds "11"]
[EventCountry "BRA"]
[Source "lmi"]
[SourceDate "2006.05.06"]

1. d4 Nf6 2. c4 g6 3. Nc3 Bg7 4. e4 O-O 5. f4 d6 6. Nf3 c5 7. d5 b5 8. cxb5 a6
9. a4 axb5 10. Bxb5 Ba6 11. Bd2 Bxb5 12. axb5 Nbd7 13. Rb1 Qb6 14. O-O Ne8 15.
Qe2 Nc7 16. e5 Rfb8 17. Rbe1 Nf8 18. Qf2 Nxb5 19. Nxb5 Qxb5 20. Bc3 Ra2 21. f5
Qd3 22. fxg6 fxg6 23. Rd1 Qf5 24. Qh4 Qd7 25. e6 Qe8 26. Bxg7 Kxg7 27. Ng5 h5
28. Rf7+ Kg8 29. Nf3 Rbxb2 30. Rxe7 Rxg2+ 31. Kh1 Qb5 32. Qf4 1-0

[Event "4. Regina Helena Marques Prol"]
[Site "Santos BRA"]
[Date "2006.04.30"]
[Round "2.5"]
[White "Cavalcanti, Francisco"]
[Black "Borges, Leomar Barbero"]
[Result "1/2-1/2"]
[WhiteElo "2297"]
[BlackElo "2303"]
[PlyCount "57"]
[EventDate "2006.04.29"]
[EventType "tourn"]
[EventRounds "11"]
[EventCountry "BRA"]
[Source "lmi"]
[SourceDate "2006.05.06"]

1. Nf3 Nf6 2. d4 g6 3. c4 Bg7 4. Nc3 d5 5. e3 O-O 6. Qb3 e6 7. Be2 Nc6 8. Qc2
dxc4 9. Bxc4 e5 10. dxe5 Ng4 11. e6 Bxe6 12. Bxe6 fxe6 13. Qe4 Nce5 14. O-O
Nxf3+ 15. gxf3 Nh6 16. f4 Qh4 17. Qg2 Rad8 18. Ne4 Qe7 19. Bd2 Bxb2 20. Rab1
Qa3 21. Rxb2 Qxb2 22. Bc3 Qc2 23. Nf6+ Kf7 24. Be5 Nf5 25. Nxh7 Rd1 26. Qg5
Rxf1+ 27. Kxf1 Qd1+ 28. Kg2 Qd5+ 29. Kg1 1/2-1/2

[Event "4. Regina Helena Marques Prol"]
[Site "Santos BRA"]
[Date "2006.04.30"]
[Round "2.6"]
[White "Sega, Carlos Alberto"]
[Black "Van Riemsdijk, Herman C"]
[Result "0-1"]
[WhiteElo "2286"]
[BlackElo "2349"]
[PlyCount "68"]
[EventDate "2006.04.29"]
[EventType "tourn"]
[EventRounds "11"]
[EventCountry "BRA"]
[Source "lmi"]
[SourceDate "2006.05.06"]

1. c4 e6 2. Nf3 Nf6 3. g3 d5 4. Bg2 Be7 5. O-O O-O 6. d4 dxc4 7. Qc2 a6 8. Qxc4
b5 9. Qc2 Bb7 10. Bd2 Be4 11. Qb3 c5 12. dxc5 Nbd7 13. c6 Bxc6 14. Bb4 Nc5 15.
Qa3 Nfd7 16. Ba5 Na4 17. Bxd8 Bxa3 18. Nxa3 Raxd8 19. Nc2 Nxb2 20. Nb4 Bb7 21.
Nd4 Bxg2 22. Kxg2 Nb8 23. e3 Rc8 24. Rfc1 Nc4 25. Nd3 Rfd8 26. a4 e5 27. Nf5
Kf8 28. axb5 axb5 29. Nb4 g6 30. Nh4 e4 31. Kg1 Nd7 32. Ng2 Nc5 33. Rc3 Nd3 34.
Nxd3 exd3 0-1

[Event "4. Regina Helena Marques Prol"]
[Site "Santos BRA"]
[Date "2006.05.01"]
[Round "3.2"]
[White "Borges, Leomar Barbero"]
[Black "Sega, Carlos Alberto"]
[Result "1/2-1/2"]
[WhiteElo "2303"]
[BlackElo "2286"]
[PlyCount "21"]
[EventDate "2006.04.29"]
[EventType "tourn"]
[EventRounds "11"]
[EventCountry "BRA"]
[Source "lmi"]
[SourceDate "2006.05.06"]

1. Nf3 Nf6 2. b3 d5 3. Bb2 c6 4. g3 Bf5 5. Bg2 e6 6. O-O Nbd7 7. d3 h6 8. Nbd2
Bc5 9. e3 O-O 10. a3 a5 11. Qe2 1/2-1/2

[Event "4. Regina Helena Marques Prol"]
[Site "Santos BRA"]
[Date "2006.05.01"]
[Round "3.3"]
[White "Larrea, Manuel"]
[Black "Cavalcanti, Francisco"]
[Result "1/2-1/2"]
[WhiteElo "2278"]
[BlackElo "2297"]
[PlyCount "42"]
[EventDate "2006.04.29"]
[EventType "tourn"]
[EventRounds "11"]
[EventCountry "BRA"]
[Source "lmi"]
[SourceDate "2006.05.06"]

1. e4 e5 2. Nf3 Nc6 3. Bb5 Nf6 4. O-O Nxe4 5. d4 Be7 6. d5 Nb8 7. Nxe5 O-O 8.
Re1 Nf6 9. Nc3 d6 10. Nf3 c6 11. dxc6 bxc6 12. Bd3 Bg4 13. h3 Bh5 14. g4 Bg6
15. Nd4 Re8 16. Bg5 c5 17. Nf5 Bxf5 18. Bxf5 Nc6 19. Qd3 Ne5 20. Qg3 Nh5 21.
gxh5 Bxg5 1/2-1/2

[Event "4. Regina Helena Marques Prol"]
[Site "Santos BRA"]
[Date "2006.05.01"]
[Round "3.4"]
[White "Valiente, Cristobal"]
[Black "Santos, Marcus Vinicius"]
[Result "1/2-1/2"]
[WhiteElo "2289"]
[BlackElo "2369"]
[PlyCount "22"]
[EventDate "2006.04.29"]
[EventType "tourn"]
[EventRounds "11"]
[EventCountry "BRA"]
[Source "lmi"]
[SourceDate "2006.05.06"]

1. b3 d5 2. Bb2 c5 3. e3 Nf6 4. Nf3 g6 5. c4 Bg7 6. cxd5 O-O 7. Bxf6 exf6 8.
Nc3 f5 9. Bc4 a6 10. a4 Nd7 11. O-O Re8 1/2-1/2

[Event "4. Regina Helena Marques Prol"]
[Site "Santos BRA"]
[Date "2006.05.01"]
[Round "3.5"]
[White "Bachmann, Axel"]
[Black "Rosito, Jorge"]
[Result "1-0"]
[WhiteElo "2414"]
[BlackElo "2426"]
[PlyCount "99"]
[EventDate "2006.04.29"]
[EventType "tourn"]
[EventRounds "11"]
[EventCountry "BRA"]
[Source "lmi"]
[SourceDate "2006.05.06"]

1. e4 e5 2. Nf3 Nc6 3. Bc4 Nf6 4. d3 Be7 5. c3 O-O 6. Nbd2 d5 7. exd5 Nxd5 8.
O-O Bg4 9. Re1 Kh8 10. h3 Bh5 11. Ne4 Nb6 12. Bb5 Bd6 13. Ng3 Bg6 14. Bxc6 bxc6
15. Nxe5 Bxe5 16. Rxe5 Bxd3 17. b3 Nd7 18. Re3 Bg6 19. Ba3 Re8 20. Rxe8+ Qxe8
21. Qd2 Nf6 22. Re1 Qd8 23. Qc1 Qd3 24. c4 a5 25. Rd1 Qc2 26. Qxc2 Bxc2 27. Rd2
Bb1 28. Bb2 a4 29. bxa4 Ne8 30. Bc3 f6 31. a5 Nd6 32. Bb4 Nxc4 33. Rd7 Bg6 34.
Rxc7 h6 35. a6 Rxa6 36. Bf8 Kg8 37. Bxg7 Nd6 38. Bxh6 Bf7 39. Bf4 Nb5 40. Rc8+
Kh7 41. Ne4 Kg6 42. Be3 Bd5 43. Ng3 Rxa2 44. h4 Nd6 45. Rc7 Nf7 46. h5+ Kh7 47.
Nf5 Kg8 48. Ne7+ Kf8 49. Bc5 Kg7 50. h6+ 1-0

[Event "4. Regina Helena Marques Prol"]
[Site "Santos BRA"]
[Date "2006.05.01"]
[Round "3.6"]
[White "Stamenkovic, Dragan"]
[Black "Maia, Luciano"]
[Result "1/2-1/2"]
[WhiteElo "2334"]
[BlackElo "2317"]
[PlyCount "58"]
[EventDate "2006.04.29"]
[EventType "tourn"]
[EventRounds "11"]
[EventCountry "BRA"]
[Source "lmi"]
[SourceDate "2006.05.06"]

1. e4 e6 2. d4 d5 3. Nc3 Nf6 4. Bg5 Bb4 5. e5 h6 6. Bd2 Bxc3 7. bxc3 Ne4 8. Qg4
Kf8 9. Bd3 Nxd2 10. Kxd2 c5 11. Nf3 c4 12. Be2 Nc6 13. h4 b5 14. a3 a5 15. Qf4
Qe7 16. g4 Ra7 17. g5 b4 18. gxh6 bxc3+ 19. Ke1 Rxh6 20. Qe3 Rb7 21. Qxc3 Qd8
22. h5 f6 23. exf6 Qxf6 24. Qe3 Qf5 25. Kd2 Rb2 26. Qc3 Qf4+ 27. Qe3 Qf5 28.
Qc3 Qf4+ 29. Qe3 Qf5 1/2-1/2

[Event "4. Regina Helena Marques Prol"]
[Site "Santos BRA"]
[Date "2006.05.01"]
[Round "4.1"]
[White "Choma, Ernani Francisco"]
[Black "Maia, Luciano"]
[Result "1/2-1/2"]
[WhiteElo "2275"]
[BlackElo "2317"]
[PlyCount "64"]
[EventDate "2006.04.29"]
[EventType "tourn"]
[EventRounds "11"]
[EventCountry "BRA"]
[Source "lmi"]
[SourceDate "2006.05.06"]

1. Nf3 d5 2. c4 c6 3. g3 Bg4 4. Bg2 Nd7 5. cxd5 cxd5 6. Nc3 e6 7. Qa4 Bxf3 8.
Bxf3 Ngf6 9. e4 dxe4 10. Nxe4 Be7 11. d4 O-O 12. Be3 Nd5 13. O-O N7b6 14. Qb3
Rc8 15. Rac1 Nxe3 16. fxe3 Rc7 17. Nc5 Qc8 18. Nd3 Bg5 19. Nc5 Nd5 20. Rce1 b6
21. Nxe6 fxe6 22. Bxd5 Rxf1+ 23. Rxf1 Bxe3+ 24. Qxe3 exd5 25. Qe5 Qd7 26. Qf5
Qxf5 27. Rxf5 Rc1+ 28. Kg2 Rc4 29. Rf4 Rc2+ 30. Rf2 Rc4 31. Rd2 Kf7 32. Kf2 Ke6
1/2-1/2

[Event "4. Regina Helena Marques Prol"]
[Site "Santos BRA"]
[Date "2006.05.01"]
[Round "4.2"]
[White "Rosito, Jorge"]
[Black "Stamenkovic, Dragan"]
[Result "1/2-1/2"]
[WhiteElo "2426"]
[BlackElo "2334"]
[PlyCount "35"]
[EventDate "2006.04.29"]
[EventType "tourn"]
[EventRounds "11"]
[EventCountry "BRA"]
[Source "lmi"]
[SourceDate "2006.05.06"]

1. e4 c5 2. Nf3 Nc6 3. Bb5 g6 4. O-O Bg7 5. c3 Nf6 6. Qe2 Qb6 7. Na3 O-O 8. Rd1
d5 9. e5 Ne8 10. h3 Nc7 11. Bxc6 bxc6 12. d4 Rb8 13. dxc5 Qxc5 14. Be3 Qa5 15.
Nd4 Qa4 16. Nb3 Ne6 17. Nc5 Qa5 18. Nxe6 1/2-1/2

[Event "4. Regina Helena Marques Prol"]
[Site "Santos BRA"]
[Date "2006.05.01"]
[Round "4.4"]
[White "Cavalcanti, Francisco"]
[Black "Valiente, Cristobal"]
[Result "1/2-1/2"]
[WhiteElo "2297"]
[BlackElo "2289"]
[PlyCount "31"]
[EventDate "2006.04.29"]
[EventType "tourn"]
[EventRounds "11"]
[EventCountry "BRA"]
[Source "lmi"]
[SourceDate "2006.05.06"]

1. Nf3 Nf6 2. d4 e6 3. c4 Bb4+ 4. Nbd2 b6 5. a3 Bxd2+ 6. Qxd2 Bb7 7. e3 O-O 8.
Be2 d6 9. O-O Ne4 10. Qc2 f5 11. Ne1 Nd7 12. f3 Ng5 13. Bd2 Qe7 14. b4 c5 15.
Bd3 Rac8 16. bxc5 1/2-1/2

[Event "4. Regina Helena Marques Prol"]
[Site "Santos BRA"]
[Date "2006.05.01"]
[Round "4.5"]
[White "Sega, Carlos Alberto"]
[Black "Larrea, Manuel"]
[Result "1/2-1/2"]
[WhiteElo "2286"]
[BlackElo "2278"]
[PlyCount "36"]
[EventDate "2006.04.29"]
[EventType "tourn"]
[EventRounds "11"]
[EventCountry "BRA"]
[Source "lmi"]
[SourceDate "2006.05.06"]

1. c4 g6 2. Nc3 Bg7 3. g3 e5 4. Bg2 Nc6 5. e3 d6 6. Nge2 Nf6 7. d4 O-O 8. O-O
Bd7 9. h3 h6 10. b3 Nh7 11. dxe5 Nxe5 12. Bb2 Bc6 13. e4 Re8 14. Qc2 a5 15.
Rad1 Qb8 16. Nf4 Ng5 17. Kh1 Nd7 18. f3 Ne6 1/2-1/2

[Event "4. Regina Helena Marques Prol"]
[Site "Santos BRA"]
[Date "2006.05.01"]
[Round "4.6"]
[White "Van Riemsdijk, Herman C"]
[Black "Borges, Leomar Barbero"]
[Result "1/2-1/2"]
[WhiteElo "2349"]
[BlackElo "2303"]
[PlyCount "31"]
[EventDate "2006.04.29"]
[EventType "tourn"]
[EventRounds "11"]
[EventCountry "BRA"]
[Source "lmi"]
[SourceDate "2006.05.06"]

1. e4 Nf6 2. e5 Nd5 3. d4 d6 4. Nf3 Bg4 5. Be2 e6 6. O-O Nc6 7. c4 Nb6 8. exd6
cxd6 9. d5 exd5 10. cxd5 Bxf3 11. gxf3 Ne5 12. Bb5+ Nbd7 13. f4 Ng6 14. Re1+
Be7 15. Nc3 O-O 16. Be3 1/2-1/2

[Event "4. Regina Helena Marques Prol"]
[Site "Santos BRA"]
[Date "2006.05.02"]
[Round "5.1"]
[White "Borges, Leomar Barbero"]
[Black "Choma, Ernani Francisco"]
[Result "1/2-1/2"]
[WhiteElo "2303"]
[BlackElo "2275"]
[PlyCount "22"]
[EventDate "2006.04.29"]
[EventType "tourn"]
[EventRounds "11"]
[EventCountry "BRA"]
[Source "lmi"]
[SourceDate "2006.05.06"]

1. Nf3 Nf6 2. b3 g6 3. Bb2 Bg7 4. e3 O-O 5. Be2 c5 6. O-O b6 7. c4 Bb7 8. d4
cxd4 9. Nxd4 d5 10. cxd5 Nxd5 11. Bf3 Nd7 1/2-1/2

[Event "4. Regina Helena Marques Prol"]
[Site "Santos BRA"]
[Date "2006.05.02"]
[Round "5.3"]
[White "Valiente, Cristobal"]
[Black "Sega, Carlos Alberto"]
[Result "1/2-1/2"]
[WhiteElo "2289"]
[BlackElo "2286"]
[PlyCount "73"]
[EventDate "2006.04.29"]
[EventType "tourn"]
[EventRounds "11"]
[EventCountry "BRA"]
[Source "lmi"]
[SourceDate "2006.05.06"]

1. b3 Nf6 2. Bb2 g6 3. g3 Bg7 4. Bg2 d6 5. d4 O-O 6. Nf3 c5 7. c4 d5 8. Nbd2
cxd4 9. Nxd4 e5 10. Nc2 d4 11. O-O Nc6 12. b4 Re8 13. b5 Na5 14. e3 Bg4 15. f3
dxe3 16. Nxe3 Qd6 17. Qe2 Bh6 18. Rfe1 Be6 19. Rac1 Qc5 20. Kh1 Rad8 21. f4
exf4 22. Bxf6 fxe3 23. Ne4 Qc7 24. Bxd8 Rxd8 25. Nf6+ Kh8 26. Nd5 Qe5 27. Nxe3
Nxc4 28. Rxc4 Bxc4 29. Qxc4 Bxe3 30. Qxf7 Qg7 31. Qxg7+ Kxg7 32. Bxb7 Bc5 33.
Rc1 Bb6 34. Rc2 Rd4 35. Kg2 h5 36. Bf3 h4 37. gxh4 1/2-1/2

[Event "4. Regina Helena Marques Prol"]
[Site "Santos BRA"]
[Date "2006.05.02"]
[Round "5.4"]
[White "Bachmann, Axel"]
[Black "Cavalcanti, Francisco"]
[Result "1-0"]
[WhiteElo "2414"]
[BlackElo "2297"]
[PlyCount "87"]
[EventDate "2006.04.29"]
[EventType "tourn"]
[EventRounds "11"]
[EventCountry "BRA"]
[Source "lmi"]
[SourceDate "2006.05.06"]

1. c4 Nf6 2. g3 g6 3. Bg2 Bg7 4. Nc3 O-O 5. d3 d6 6. e4 e5 7. Nge2 Nbd7 8. O-O
a5 9. h3 c6 10. Be3 Qe7 11. Qd2 Re8 12. f4 exf4 13. Nxf4 Nc5 14. Rae1 Ne6 15.
Nfe2 Nd7 16. d4 Nc7 17. e5 dxe5 18. d5 cxd5 19. cxd5 Ra6 20. Ne4 Nb5 21. N2c3
Nxc3 22. bxc3 Nf6 23. Nc5 Rd6 24. c4 Qd8 25. Qf2 Re7 26. Rb1 Qe8 27. g4 b6 28.
g5 Bf5 29. gxf6 Rxf6 30. Bg5 bxc5 31. Bxf6 Bxf6 32. Rb6 Bg5 33. d6 Rd7 34. Bc6
Qd8 35. Bxd7 Qxd7 36. Rb8+ Kg7 37. Qxc5 Bxh3 38. Qxe5+ Kh6 39. Rb3 Be6 40. Rb2
f6 41. Rxf6 Qa7+ 42. Rff2 Bxc4 43. d7 Bf6 44. Qxf6 1-0

[Event "4. Regina Helena Marques Prol"]
[Site "Santos BRA"]
[Date "2006.05.02"]
[Round "5.5"]
[White "Stamenkovic, Dragan"]
[Black "Santos, Marcus Vinicius"]
[Result "1-0"]
[WhiteElo "2334"]
[BlackElo "2369"]
[PlyCount "101"]
[EventDate "2006.04.29"]
[EventType "tourn"]
[EventRounds "11"]
[EventCountry "BRA"]
[Source "lmi"]
[SourceDate "2006.05.06"]

1. d4 d5 2. Bg5 h6 3. Bh4 c5 4. dxc5 Nc6 5. Nf3 g5 6. Bg3 Bg7 7. c3 e5 8. h4 g4
9. Nfd2 Nf6 10. h5 Qe7 11. Nb3 Be6 12. N1d2 O-O-O 13. Qc2 Qd7 14. e3 d4 15. Bb5
dxe3 16. fxe3 Nd5 17. Nc4 Qc7 18. O-O-O Kb8 19. Bxc6 bxc6 20. Nd4 Bd7 21. Rhf1
f6 22. Nf5 Bf8 23. Nfd6 Bxd6 24. cxd6 Qb7 25. e4 Nb6 26. Ne3 Qa6 27. b3 Qa3+
28. Kb1 Ka8 29. Rxf6 Rb8 30. Ka1 Qc5 31. Bf2 Qa5 32. c4 Bc8 33. Qd2 Qa6 34. Rf7
Nd7 35. Qc2 Rf8 36. Rxf8 Nxf8 37. Nf5 Bxf5 38. exf5 Nd7 39. Kb2 g3 40. Bxg3 Rg8
41. Be1 Rg4 42. Qe2 Rf4 43. g3 Rxf5 44. Qg4 Rf7 45. Qe6 Rg7 46. Qxh6 Rg8 47.
Qe6 Rd8 48. h6 Qb6 49. h7 Nc5 50. Qxe5 Na4+ 51. Ka1 1-0

[Event "4. Regina Helena Marques Prol"]
[Site "Santos BRA"]
[Date "2006.05.02"]
[Round "5.6"]
[White "Maia, Luciano"]
[Black "Rosito, Jorge"]
[Result "1/2-1/2"]
[WhiteElo "2317"]
[BlackElo "2426"]
[PlyCount "90"]
[EventDate "2006.04.29"]
[EventType "tourn"]
[EventRounds "11"]
[EventCountry "BRA"]
[Source "lmi"]
[SourceDate "2006.05.06"]

1. d4 Nf6 2. Nf3 e6 3. c4 c5 4. d5 d6 5. Nc3 exd5 6. cxd5 g6 7. Bf4 a6 8. a4
Bg7 9. h3 Qe7 10. e3 Nbd7 11. Be2 O-O 12. O-O Ne8 13. Bg5 f6 14. Bf4 Ne5 15.
Nd2 f5 16. Bg3 Rb8 17. Qc2 Nc7 18. Rfe1 Bd7 19. f4 Nf7 20. e4 fxe4 21. Ndxe4
Qd8 22. a5 b5 23. axb6 Rxb6 24. Bf3 Qb8 25. Ra2 Nh6 26. Na4 Bxa4 27. Qxa4 Nf5
28. Bf2 Nd4 29. Bg4 h6 30. Be6+ Ncxe6 31. dxe6 Nxe6 32. Qc4 d5 33. Qxd5 Kh7 34.
Nxc5 Nxf4 35. Qe4 Rb4 36. Qf3 Qd8 37. Rxa6 Rxb2 38. Ra7 Ne2+ 39. Rxe2 Rxf3 40.
Rxg7+ Kh8 41. Rxb2 Qd1+ 42. Kh2 Qd6+ 43. Kg1 Qd1+ 44. Kh2 Qd6+ 45. Kg1 Qd1+
1/2-1/2

[Event "4. Regina Helena Marques Prol"]
[Site "Santos BRA"]
[Date "2006.05.03"]
[Round "6.1"]
[White "Choma, Ernani Francisco"]
[Black "Rosito, Jorge"]
[Result "0-1"]
[WhiteElo "2275"]
[BlackElo "2426"]
[PlyCount "66"]
[EventDate "2006.04.29"]
[EventType "tourn"]
[EventRounds "11"]
[EventCountry "BRA"]
[Source "lmi"]
[SourceDate "2006.05.06"]

1. Nf3 Nf6 2. c4 e6 3. g3 a6 4. Bg2 b5 5. b3 Bb7 6. O-O c5 7. d3 Be7 8. e4 O-O
9. Bb2 Nc6 10. Nc3 Qb6 11. Rb1 Rad8 12. Re1 d6 13. h3 Rd7 14. Ne2 d5 15. cxd5
exd5 16. e5 Ne8 17. d4 Nc7 18. Qc2 Ne6 19. Rbd1 Rc8 20. Qb1 a5 21. h4 b4 22.
Qa1 a4 23. Bh3 axb3 24. Nf4 Na5 25. dxc5 Bxc5 26. Nd4 Re8 27. axb3 Nxb3 28.
Nxb3 Bxf2+ 29. Kh2 Bxe1 30. Bd4 Qc7 31. Bxe6 Qc2+ 32. Ng2 Bxg3+ 33. Kh1 fxe6
0-1

[Event "4. Regina Helena Marques Prol"]
[Site "Santos BRA"]
[Date "2006.05.03"]
[Round "6.3"]
[White "Cavalcanti, Francisco"]
[Black "Stamenkovic, Dragan"]
[Result "1/2-1/2"]
[WhiteElo "2297"]
[BlackElo "2334"]
[PlyCount "33"]
[EventDate "2006.04.29"]
[EventType "tourn"]
[EventRounds "11"]
[EventCountry "BRA"]
[Source "lmi"]
[SourceDate "2006.05.06"]

1. e4 c5 2. Nf3 d6 3. Nc3 Nf6 4. g3 g6 5. Bg2 Bg7 6. d3 O-O 7. O-O Nc6 8. h3
Rb8 9. a4 a6 10. Be3 b5 11. axb5 axb5 12. e5 Nd7 13. e6 Nf6 14. Ng5 Nd4 15.
Nxf7 Qe8 16. Nh6+ Kh8 17. Nf7+ 1/2-1/2